| 000 | 00401pam a2200157a 44500 | ||
|---|---|---|---|
| 008 | 230405s1967 xxu||||| |||| 00| 0 eng d | ||
| 041 | _aENG | ||
| 100 | _aChaitely D.V. | ||
| 245 | _aAll India Reporter -1967 Assam,Bombay,Culutta | ||
| 260 |
_aNagpur _bThe All India Reporter _c1967 |
||
| 300 | _a640p. | ||
| 440 | _ahind law house pune | ||
| 650 | _aREPORTS | ||
| 690 | _aREPORTS | ||
| 906 | _a798 | ||
| 999 |
_c271777 _d271777 |
||